000 01485nam a22002537a 4500
003 Uzh_bibl
008 260325b |||||||| |||| 00| 0 ukr d
020 _a978-966-97798-6-1
_c100.00
040 _bукр.
041 _2ukr
_aukr
080 _a821(477)
090 _a821(477)
_bБ 90
100 _aБуділова,Галина
245 _aТроль, вантажний літак та чарівна веселка
_cілюстраторка М.Іванович
_hТекст
260 _aПолтава
_bФОП Мирон І.А.
_c2022
300 _a40 с.
_bіл.
_fВ опр.
520 _aЦе продовження історії про пригоди хоробрих помічників Святого Миколая, які завжди вчасно доставляють подарунки маленьким мрійникам та мрійницям. Цього разу на наших героїв чекала ще важливіша місія, адже сили зла атакують наших хоробрих українських воїнів. Чи вдасться їм доставити вантаж вчасно, не зважаючи на перешкоди?
521 _aДля молодшого шкільного віку
546 _aукр.
650 _aЛітературно-художне видання
653 _aТроль
_aСвятий Миколай
655 _aДитяча література
942 _2udc
_cBK
999 _c17197
_d17197